[Event "Bolzano op"]
[Site "Bolzano"]
[Date "2000.07.17"]
[Round "4"]
[White "Skembris, Spyridon"]
[Black "Khenkin, Igor"]
[Result "1/2-1/2"]
[WhiteElo "2481"]
[BlackElo "2622"]
[PlyCount "86"]
[EventDate "2000.07.15"]
[Source "ChessBase"]
[SourceDate "1999.11.18"]

1. d4 Nf6 2. c4 e6 3. Nf3 d5 4. Nc3 dxc4 5. e3 a6 6. a4 c5 7. Bxc4 Nc6 8. O-O
Be7 9. Ne5 cxd4 10. Nxc6 bxc6 11. exd4 O-O 12. a5 Bb7 13. Qb3 Rb8 14. Rd1 c5
15. Bf4 Bd6 16. dxc5 Bd5 17. Bxd6 Rxb3 18. Nxd5 Rxb2 19. Ne7+ Kh8 20. Nc6 Qa8
21. Ne5 Kg8 22. Bxf8 Kxf8 23. c6 Qa7 24. Nd3 Rc2 25. Rac1 Rxc1 26. Rxc1 Ne4 27.
h3 Nd6 28. Ne5 Ke7 29. Bf1 Qd4 30. Nd3 e5 31. c7 e4 32. Rc6 exd3 33. Rxd6 Qc3
34. Rxd3 Qxc7 35. Re3+ Kf6 36. Bxa6 Qxa5 37. Bf1 Qa1 38. Rf3+ Ke7 39. Re3+ Kf8
40. g3 f5 41. Kg2 Qa8+ 42. Kg1 f4 43. gxf4 Qa4 1/2-1/2

[Event "Bolzano op"]
[Site "Bolzano"]
[Date "2000.07.17"]
[Round "4"]
[White "Timoscenko, Genadij"]
[Black "Mrdja, Milan"]
[Result "1/2-1/2"]
[WhiteElo "2519"]
[BlackElo "2425"]
[PlyCount "31"]
[EventDate "2000.07.15"]
[Source "ChessBase"]
[SourceDate "1999.11.18"]

1. c4 Nf6 2. Nc3 e5 3. g3 Bb4 4. Nf3 e4 5. Nd4 Nc6 6. Nc2 Bxc3 7. dxc3 h6 8.
Bg2 O-O 9. O-O d6 10. Ne3 Re8 11. Qc2 Rb8 12. a4 a5 13. Bd2 b6 14. Rad1 Ne5 15.
Bxe4 Nxc4 16. Bc6 1/2-1/2

[Event "Bolzano op"]
[Site "Bolzano"]
[Date "2000.07.17"]
[Round "4"]
[White "Voiska, Margarita"]
[Black "Ortega, Lexy"]
[Result "0-1"]
[WhiteElo "2366"]
[BlackElo "2479"]
[PlyCount "82"]
[EventDate "2000.07.15"]
[Source "ChessBase"]
[SourceDate "1999.11.18"]

1. c4 e6 2. Nf3 d5 3. e3 Nf6 4. d4 c6 5. Nbd2 c5 6. Bd3 Nc6 7. O-O dxc4 8. Nxc4
cxd4 9. exd4 Nxd4 10. Nce5 Nc6 11. Bb5 Qxd1 12. Rxd1 Bd7 13. Bxc6 Bxc6 14. Ng5
Bc5 15. Bf4 Bd5 16. Ngxf7 O-O 17. Ng5 Ng4 18. Nxg4 Rxf4 19. Ne3 Bxe3 20. fxe3
Rg4 21. e4 Rxg5 22. exd5 exd5 23. Rac1 Re8 24. Rd2 Re7 25. Rc5 Rf5 26. g4 Rg5
27. Rcxd5 Rxg4+ 28. Kf2 Rf4+ 29. Kg3 Rf6 30. Ra5 a6 31. Rad5 h6 32. b4 Re3+ 33.
Kg2 Rg6+ 34. Kf2 Rh3 35. Kf1 Rf3+ 36. Ke2 Ra3 37. Kf2 Rb6 38. Rb2 Kh7 39. Ke2
Ra4 40. b5 Ra5 41. Kd3 Rbxb5 0-1

[Event "Bolzano op"]
[Site "Bolzano"]
[Date "2000.07.18"]
[Round "5"]
[White "Banikas, Hristos"]
[Black "Schacher, Gerd"]
[Result "1-0"]
[WhiteElo "2535"]
[BlackElo "2245"]
[PlyCount "89"]
[EventDate "2000.07.15"]
[Source "ChessBase"]
[SourceDate "1999.11.18"]

1. d4 Nf6 2. c4 c5 3. d5 b5 4. Nf3 Bb7 5. a4 b4 6. g3 g6 7. b3 Bg7 8. Bb2 d6 9.
Bh3 O-O 10. O-O Bc8 11. Bg2 a5 12. Nbd2 Ra7 13. Qc2 e6 14. dxe6 Bxe6 15. Rad1
Rc7 16. Bxf6 Bxf6 17. Ne4 Rd7 18. Qd2 Bf5 19. Nxf6+ Qxf6 20. Qf4 Kg7 21. Nd2
Re8 22. g4 Be6 23. Qxf6+ Kxf6 24. Ne4+ Ke7 25. g5 Bf5 26. Nf6 Bc2 27. Ra1 Red8
28. Rfc1 Bxb3 29. Bd5 Ra7 30. Ne4 Nd7 31. Nd2 Bxa4 32. Rxa4 Nb6 33. Ra2 Nxd5
34. cxd5 a4 35. Rca1 Rda8 36. Nc4 b3 37. Ra3 Rb8 38. Nb2 c4 39. Rc1 Rc8 40.
Rxc4 Rxc4 41. Nxc4 Rb7 42. Nb2 Rc7 43. Nxa4 Ra7 44. f3 b2 45. Re3+ 1-0

[Event "Bolzano op"]
[Site "Bolzano"]
[Date "2000.07.18"]
[Round "5"]
[White "Bertagnolli, Alexander"]
[Black "Astengo, Marcello"]
[Result "1-0"]
[WhiteElo "2191"]
[BlackElo "2032"]
[PlyCount "78"]
[EventDate "2000.07.15"]
[Source "ChessBase"]
[SourceDate "1999.11.18"]

1. e4 e6 2. b3 d5 3. Bb2 dxe4 4. Nc3 Nf6 5. Qe2 Be7 6. O-O-O b6 7. d3 exd3 8.
Rxd3 Nbd7 9. Qd1 Bb7 10. Nf3 Qc8 11. Nd4 O-O 12. Rg1 Ne5 13. Rh3 Rd8 14. Qe1
Ng6 15. Nde2 c5 16. g4 Qc7 17. Kb1 Rd7 18. f4 Nxf4 19. Nxf4 Qxf4 20. Bc1 Qd4
21. Bb5 Rdd8 22. g5 Ne4 23. Nxe4 Bxe4 24. Bb2 Qd5 25. Bc4 Qf5 26. Rc3 Rd6 27.
Rf1 Qg6 28. a4 Rad8 29. Ka2 Rd2 30. h4 Bxc2 31. h5 Qxg5 32. Rxf7 Kxf7 33. Qxe6+
Ke8 34. Bb5+ Kf8 35. Bc4 Ke8 36. Bb5+ Kf8 37. Rf3+ Bf6 38. Bxf6 Bf5+ 39. Bb2
Rxb2+ 1-0

[Event "Bolzano op"]
[Site "Bolzano"]
[Date "2000.07.18"]
[Round "5"]
[White "Godena, Michele"]
[Black "Luban, Peter"]
[Result "1-0"]
[WhiteElo "2487"]
[BlackElo "2131"]
[PlyCount "31"]
[EventDate "2000.07.15"]
[Source "ChessBase"]
[SourceDate "1999.11.18"]

1. e4 c5 2. Nf3 Nc6 3. c3 Nf6 4. e5 Nd5 5. Bc4 Nb6 6. Bb3 d6 7. exd6 Qxd6 8.
Na3 Bf5 9. d4 cxd4 10. Nb5 Qd7 11. Nfxd4 Nxd4 12. Nxd4 Bg6 13. O-O e6 14. Qe2
Nd5 15. Rd1 Bd6 16. Bxd5 1-0

[Event "Bolzano op"]
[Site "Bolzano"]
[Date "2000.07.18"]
[Round "5"]
[White "Gyimesi, Zoltan"]
[Black "Ortega, Lexy"]
[Result "1-0"]
[WhiteElo "2518"]
[BlackElo "2479"]
[PlyCount "43"]
[EventDate "2000.07.15"]
[Source "ChessBase"]
[SourceDate "1999.11.18"]

1. d4 d5 2. c4 e6 3. Nf3 dxc4 4. e4 b5 5. a4 c6 6. axb5 cxb5 7. b3 Bb7 8. bxc4
Bxe4 9. cxb5 Nf6 10. Be2 Bb4+ 11. Nbd2 Nd5 12. Ba3 Bc3 13. O-O Bxf3 14. Bxf3
Bxa1 15. Qxa1 a6 16. Bc5 f5 17. Nc4 Kf7 18. Re1 Nd7 19. Nd6+ Kg8 20. Rxe6 axb5
21. Re8+ Qxe8 22. Bxd5+ 1-0

[Event "Bolzano op"]
[Site "Bolzano"]
[Date "2000.07.18"]
[Round "5"]
[White "Khenkin, Igor"]
[Black "Drabke, Lorenz"]
[Result "1-0"]
[WhiteElo "2622"]
[BlackElo "2149"]
[PlyCount "27"]
[EventDate "2000.07.15"]
[Source "ChessBase"]
[SourceDate "1999.11.18"]

1. d4 d5 2. c4 c6 3. e3 Bf5 4. cxd5 cxd5 5. Qb3 Qc7 6. Bb5+ Nd7 7. Nc3 e6 8.
Nf3 Ne7 9. e4 Bxe4 10. Bf4 Qb6 11. Bxd7+ Kxd7 12. Ne5+ Ke8 13. Qxb6 axb6 14.
Nb5 1-0

[Event "Bolzano op"]
[Site "Bolzano"]
[Date "2000.07.18"]
[Round "5"]
[White "Mrdja, Milan"]
[Black "Farago, Ivan"]
[Result "1/2-1/2"]
[WhiteElo "2425"]
[BlackElo "2467"]
[PlyCount "71"]
[EventDate "2000.07.15"]
[Source "ChessBase"]
[SourceDate "1999.11.18"]

1. e4 e6 2. d4 d5 3. Nc3 Bb4 4. e5 Ne7 5. a3 Bxc3+ 6. bxc3 c5 7. Qg4 O-O 8. Bd3
f5 9. exf6 Rxf6 10. Bg5 Rf7 11. Qh5 g6 12. Qd1 Nbc6 13. Nf3 Qc7 14. O-O c4 15.
Be2 Nf5 16. Qc1 Bd7 17. g4 Nd6 18. Qe3 Ne4 19. Bh6 Re8 20. Ng5 Nxg5 21. Bxg5 e5
22. Qg3 Bc8 23. Rae1 e4 24. Qxc7 Rxc7 25. f3 Be6 26. Bd1 exf3 27. Bxf3 Rd7 28.
h3 Bf7 29. Kf2 Rxe1 30. Rxe1 Kg7 31. h4 h6 32. Bf4 Re7 33. g5 hxg5 34. Bxg5
Rxe1 35. Kxe1 Be6 36. Kd2 1/2-1/2

[Event "Bolzano op"]
[Site "Bolzano"]
[Date "2000.07.18"]
[Round "5"]
[White "Nikolaidis, Ioannis"]
[Black "Rotstein, Arkadij"]
[Result "1-0"]
[WhiteElo "2530"]
[BlackElo "2441"]
[PlyCount "49"]
[EventDate "2000.07.15"]
[Source "ChessBase"]
[SourceDate "1999.11.18"]

1. d4 f5 2. Nf3 Nf6 3. Bg5 e6 4. Nbd2 Be7 5. e3 b6 6. Bd3 Bb7 7. Bxf6 Bxf6 8.
e4 fxe4 9. Nxe4 Nc6 10. c3 Qe7 11. Qe2 O-O-O 12. O-O Qf7 13. a4 a5 14. Ba6 Be7
15. b4 Qh5 16. Nc5 Bxc5 17. bxc5 Rdf8 18. cxb6 cxb6 19. Rab1 Rxf3 20. Rxb6 Bxa6
21. Qxa6+ Kc7 22. Rb7+ Kd6 23. Qb6 Qd5 24. gxf3 Rc8 25. Qb5 1-0

[Event "Bolzano op"]
[Site "Bolzano"]
[Date "2000.07.18"]
[Round "5"]
[White "Ruzzier, Dario"]
[Black "Rossi, Giampiero"]
[Result "1/2-1/2"]
[WhiteElo "2080"]
[BlackElo "2078"]
[PlyCount "123"]
[EventDate "2000.07.15"]
[Source "ChessBase"]
[SourceDate "1999.11.18"]

1. d4 d5 2. c4 e6 3. Nc3 Nf6 4. Bg5 Nbd7 5. e3 c6 6. Nf3 Qa5 7. Nd2 Bb4 8. Qc2
dxc4 9. Bxf6 Nxf6 10. Nxc4 Bxc3+ 11. bxc3 Qc7 12. Be2 O-O 13. O-O b6 14. Bf3
Ba6 15. Qa4 Bxc4 16. Qxc4 Rac8 17. g3 c5 18. Qb3 Rfd8 19. a4 e5 20. dxe5 Qxe5
21. Rfd1 Ne4 22. Bxe4 Qxe4 23. a5 Qc6 24. axb6 axb6 25. Rdb1 Rb8 26. c4 Rd6 27.
Ra6 Qf3 28. Qc2 Rbd8 29. Rf1 h5 30. h4 Rd2 31. Qb3 Rxf2 32. Rxf2 Rd1+ 33. Qxd1
Qxd1+ 34. Kh2 Qb3 35. Ra8+ Kh7 36. Rxf7 Qxc4 37. Rff8 Qe2+ 38. Kh3 Qxe3 39.
Rae8 Qg1 40. Rh8+ Kg6 41. Re6+ Kf7 42. Re2 Qf1+ 43. Rg2 Kg6 44. Kh2 Qd3 45. Rc8
Qd7 46. Rb8 b5 47. Rb2 b4 48. Rc2 Qf5 49. Rc1 Qf2+ 50. Kh3 Qe3 51. Ra1 Kh7 52.
Raa8 Qe6+ 53. Kh2 b3 54. Re8 Qc4 55. Rab8 Qc2+ 56. Kh3 b2 57. Rh8+ Kg6 58. Rb6+
Kf7 59. Rhb8 Qf5+ 60. Kg2 Qe4+ 61. Kh2 Qe2+ 62. Kh3 1/2-1/2

[Event "Bolzano op"]
[Site "Bolzano"]
[Date "2000.07.18"]
[Round "5"]
[White "Sax, Gyula"]
[Black "Epishin, Vladimir"]
[Result "1/2-1/2"]
[WhiteElo "2609"]
[BlackElo "2667"]
[PlyCount "48"]
[EventDate "2000.07.15"]
[Source "ChessBase"]
[SourceDate "1999.11.18"]

1. e4 c5 2. Nf3 e6 3. d4 cxd4 4. Nxd4 a6 5. Bd3 Bc5 6. Nb3 Be7 7. c4 d6 8. Nc3
Nd7 9. Be3 b6 10. O-O Ngf6 11. Rc1 Bb7 12. Nd4 O-O 13. b3 Re8 14. Bb1 Bf8 15.
Qd2 Qc7 16. f3 Rad8 17. Kh1 Qb8 18. Qf2 Ba8 19. Rfd1 Rc8 20. Bd3 Ne5 21. Bc2 h6
22. Qg3 Nh5 23. Qh4 Nf6 24. Qg3 Nh5 1/2-1/2

[Event "Bolzano op"]
[Site "Bolzano"]
[Date "2000.07.18"]
[Round "5"]
[White "Timoscenko, Genadij"]
[Black "Trabert, Bettina"]
[Result "1/2-1/2"]
[WhiteElo "2519"]
[BlackElo "2273"]
[PlyCount "102"]
[EventDate "2000.07.15"]
[Source "ChessBase"]
[SourceDate "1999.11.18"]

1. e4 e5 2. Nf3 Nc6 3. d4 exd4 4. Nxd4 Bc5 5. Be3 Qf6 6. c3 Nge7 7. Bc4 O-O 8.
O-O Bb6 9. Na3 Qg6 10. f3 Rd8 11. Ndc2 Ne5 12. Bb3 d5 13. Bxb6 Qxb6+ 14. Kh1
Be6 15. Qd4 f6 16. Qxb6 axb6 17. Nb5 Rac8 18. Ne3 Bf7 19. exd5 Nxd5 20. Nxd5
Bxd5 21. Rad1 Bxb3 22. axb3 Nd3 23. Rd2 Rd7 24. Kg1 Rcd8 25. Rfd1 c6 26. Na3 b5
27. Kf1 Kf7 28. Nc2 Rd5 29. c4 bxc4 30. bxc4 R5d7 31. Nb4 Ne5 32. Rxd7+ Rxd7
33. Rxd7+ Nxd7 34. Nd3 Ke6 35. Ke2 b5 36. b3 bxc4 37. bxc4 Nb6 38. Nb4 Kd6 39.
Kd3 g5 40. Kc3 c5 41. Nd3 h5 42. Nf2 Nd7 43. Nd3 h4 44. Kd2 f5 45. Ke3 Nf6 46.
g3 hxg3 47. hxg3 Nh5 48. g4 f4+ 49. Kd2 Nf6 50. Kc3 Nd7 51. Nf2 Nf6 1/2-1/2

[Event "Bolzano op"]
[Site "Bolzano"]
[Date "2000.07.18"]
[Round "5"]
[White "Voiska, Margarita"]
[Black "Skembris, Spyridon"]
[Result "0-1"]
[WhiteElo "2366"]
[BlackElo "2481"]
[PlyCount "96"]
[EventDate "2000.07.15"]
[Source "ChessBase"]
[SourceDate "1999.11.18"]

1. c4 e5 2. g3 Nf6 3. Bg2 d5 4. cxd5 Nxd5 5. Nf3 Nc6 6. O-O Be7 7. Nc3 Nb6 8.
d3 O-O 9. a4 a5 10. Be3 Be6 11. Rc1 Nd5 12. Nxd5 Bxd5 13. Bc5 Re8 14. Qc2 Ra6
15. e4 Be6 16. Be3 Bd6 17. d4 exd4 18. Nxd4 Nxd4 19. Bxd4 Rc6 20. Bc3 Be5 21.
f4 Bxc3 22. bxc3 Rd6 23. Rcd1 Bc4 24. Rfe1 c6 25. e5 Qb6+ 26. Qf2 Rxd1 27. Rxd1
Qb3 28. Qd4 g6 29. Bf1 Be6 30. Be2 Rc8 31. g4 b5 32. Rf1 Qxa4 33. Qxa4 bxa4 34.
c4 Rb8 35. f5 Bd7 36. c5 gxf5 37. gxf5 Rb4 38. Bd3 a3 39. Ra1 Rb3 40. Bc4 Rc3
41. e6 fxe6 42. fxe6 Be8 43. Ba2 Kf8 44. Kf2 Ke7 45. Ke2 Bg6 46. Kd2 Rxc5 47.
Bb3 Rh5 48. Rxa3 Rh3 0-1

[Event "Bolzano op"]
[Site "Bolzano"]
[Date "2000.07.19"]
[Round "6"]
[White "Bertagnolli, Alexander"]
[Black "Voiska, Margarita"]
[Result "0-1"]
[WhiteElo "2191"]
[BlackElo "2366"]
[PlyCount "84"]
[EventDate "2000.07.15"]
[Source "ChessBase"]
[SourceDate "1999.11.18"]

1. g3 d5 2. Bg2 g6 3. h4 h5 4. d4 Bg7 5. Nc3 c6 6. Bf4 Qb6 7. Nf3 Qxb2 8. Na4
Qb4+ 9. c3 Qa5 10. O-O Nd7 11. c4 dxc4 12. Qc2 Ngf6 13. Ng5 O-O 14. e4 e5 15.
Bd2 Qc7 16. dxe5 Nxe5 17. Bb4 Re8 18. Rad1 Nd3 19. Bc3 Bg4 20. Rxd3 cxd3 21.
Qb2 Qe7 22. f3 Be6 23. Nxe6 fxe6 24. Bb4 Qc7 25. Qb1 Qxg3 26. Qxd3 Rad8 27. Qb3
Ng4 28. fxg4 Rd3 29. Bc3 Bxc3 30. Nxc3 Rd2 31. Ne2 Qxb3 32. axb3 Rxe2 33. Rf6
Kg7 34. g5 Rd8 35. Rxe6 Rd1+ 36. Bf1 Ree1 37. Rf6 Rxf1+ 38. Rxf1 Rxf1+ 39. Kxf1
Kf7 40. Ke2 Ke6 41. Ke3 c5 42. Kd2 Ke5 0-1

[Event "Bolzano op"]
[Site "Bolzano"]
[Date "2000.07.19"]
[Round "6"]
[White "Drabke, Lorenz"]
[Black "Kowalczyk, Martin"]
[Result "1/2-1/2"]
[WhiteElo "2149"]
[BlackElo "2120"]
[PlyCount "80"]
[EventDate "2000.07.15"]
[Source "ChessBase"]
[SourceDate "1999.11.18"]

1. e4 e5 2. Nf3 Nf6 3. Nc3 Bb4 4. Nxe5 O-O 5. Be2 Qe7 6. Nd3 Bxc3 7. dxc3 Qxe4
8. O-O d6 9. Nf4 Nbd7 10. c4 Ne5 11. b3 Bf5 12. Nd3 Nxd3 13. cxd3 Qd4 14. Be3
Qe5 15. Qd2 Rae8 16. h3 Qe6 17. Rfe1 b6 18. Bd4 Nd7 19. Kh2 Qg6 20. f4 Nc5 21.
Red1 h5 22. b4 Nd7 23. Re1 Re6 24. Bf1 Rfe8 25. Rxe6 Rxe6 26. b5 Nc5 27. Rd1 a5
28. g3 f6 29. Bg2 Re7 30. Bxc5 dxc5 31. d4 Qe8 32. Bf3 Be4 33. Qc3 cxd4 34.
Rxd4 Bxf3 35. Qxf3 Re2+ 36. Kg1 Rxa2 37. Re4 Ra1+ 38. Kh2 Ra2+ 39. Kg1 Ra1+ 40.
Kh2 Ra2+ 1/2-1/2

[Event "Bolzano op"]
[Site "Bolzano"]
[Date "2000.07.19"]
[Round "6"]
[White "Epishin, Vladimir"]
[Black "Khenkin, Igor"]
[Result "1/2-1/2"]
[WhiteElo "2667"]
[BlackElo "2622"]
[PlyCount "85"]
[EventDate "2000.07.15"]
[Source "ChessBase"]
[SourceDate "1999.11.18"]

1. d4 Nf6 2. c4 e6 3. Nf3 d5 4. Nc3 dxc4 5. e3 a6 6. a4 c5 7. Bxc4 Nc6 8. O-O
Be7 9. Qe2 cxd4 10. Rd1 e5 11. exd4 exd4 12. Nxd4 Nxd4 13. Qe5 Qd6 14. Qxd4
Qxd4 15. Rxd4 Bc5 16. Rd1 O-O 17. Re1 Bf5 18. Bg5 Rac8 19. Be2 a5 20. Bf3 b6
21. h3 Rfe8 22. Rxe8+ Rxe8 23. Rd1 h6 24. Bxf6 gxf6 25. Kf1 Kg7 26. Bc6 Rc8 27.
Bd7 Bxd7 28. Rxd7 Bb4 29. Rd3 Rc4 30. Nd1 Bc5 31. b3 Rc2 32. Ne3 Rb2 33. g4 Kg6
34. Kg2 Bxe3 35. Rxe3 f5 36. Rd3 fxg4 37. hxg4 f6 38. Kg3 Kf7 39. f3 Rb1 40.
Kf4 Kg6 41. Ke4 Re1+ 42. Kf4 Re5 43. Rd7 1/2-1/2

[Event "Bolzano op"]
[Site "Bolzano"]
[Date "2000.07.19"]
[Round "6"]
[White "Farago, Ivan"]
[Black "De Eccher, Stefano"]
[Result "0-1"]
[WhiteElo "2467"]
[BlackElo "2256"]
[PlyCount "80"]
[EventDate "2000.07.15"]
[Source "ChessBase"]
[SourceDate "1999.11.18"]

1. d4 d5 2. c4 c6 3. Nc3 Nf6 4. e3 g6 5. Nf3 Bg7 6. Bd3 Bg4 7. O-O O-O 8. h3
Bxf3 9. Qxf3 e6 10. b3 Nbd7 11. Bb2 Re8 12. Rfd1 Qe7 13. Bf1 a5 14. Rab1 a4 15.
cxd5 exd5 16. Nxa4 Ne4 17. Qe2 Bh6 18. Re1 b5 19. Nc3 Nxc3 20. Bxc3 Nf6 21. Ra1
Ne4 22. Bb2 b4 23. Qc2 Qd6 24. Bd3 f5 25. Re2 Re7 26. Qc1 Nxf2 27. Rxf2 Bxe3
28. Qc2 Qg3 29. Bf1 Re4 30. Re1 Qxf2+ 31. Qxf2 Bxf2+ 32. Kxf2 Rxa2 33. Rb1 Rxd4
34. Ke3 Re4+ 35. Kf3 g5 36. Bd3 g4+ 37. Kf2 Re7 38. Kf1 gxh3 39. gxh3 Re3 40.
Be2 Rxb3 0-1

[Event "Bolzano op"]
[Site "Bolzano"]
[Date "2000.07.19"]
[Round "6"]
[White "Rossi, Giampiero"]
[Black "Luban, Peter"]
[Result "1/2-1/2"]
[WhiteElo "2078"]
[BlackElo "2131"]
[PlyCount "90"]
[EventDate "2000.07.15"]
[Source "ChessBase"]
[SourceDate "1999.11.18"]

1. d4 Nf6 2. c4 g6 3. g3 Bg7 4. Bg2 d6 5. Nc3 O-O 6. Nf3 Nbd7 7. O-O e5 8. Qc2
c6 9. Rd1 Qe7 10. b3 e4 11. Ne1 d5 12. cxd5 cxd5 13. Nb5 Ne8 14. Ba3 Qd8 15.
Bxf8 Bxf8 16. Rdc1 f5 17. e3 Qf6 18. Nxa7 Nb6 19. Nxc8 Rxc8 20. Qd2 Ra8 21. a4
Bd6 22. a5 Nc8 23. b4 g5 24. a6 b6 25. b5 Na7 26. Rab1 Nc7 27. Bf1 f4 28. exf4
gxf4 29. Ng2 Rf8 30. gxf4 Qh6 31. Rb3 Ne6 32. Rcc3 Nxf4 33. Nxf4 Bxf4 34. Rg3+
Kh8 35. Qb2 Bxg3 36. hxg3 Qf6 37. Bg2 Qg7 38. Qd2 Rf7 39. Bf1 Qf8 40. Rc3 Kg7
41. Rc2 h6 42. Qe3 Qd6 43. Qc3 Qf6 44. Qe3 Qd6 45. Qe2 Qf6 1/2-1/2

[Event "Bolzano op"]
[Site "Bolzano"]
[Date "2000.07.19"]
[Round "6"]
[White "Rotstein, Arkadij"]
[Black "Godena, Michele"]
[Result "1-0"]
[WhiteElo "2441"]
[BlackElo "2487"]
[PlyCount "71"]
[EventDate "2000.07.15"]
[Source "ChessBase"]
[SourceDate "1999.11.18"]

1. c4 e6 2. Nf3 d5 3. g3 Nf6 4. Bg2 Be7 5. O-O O-O 6. b3 b6 7. Bb2 Bb7 8. e3
Nbd7 9. Qe2 a5 10. Nc3 a4 11. d4 a3 12. Bc1 Bb4 13. Bd2 Qe7 14. Rfd1 Rfd8 15.
Rac1 c6 16. Qe1 c5 17. cxd5 exd5 18. Ne2 Bxd2 19. Rxd2 Ne4 20. Rdc2 Nb8 21. Ne5
Na6 22. Nd3 Rac8 23. Nc3 Nxc3 24. Rxc3 cxd4 25. Rxc8 Rxc8 26. exd4 Qxe1+ 27.
Rxe1 g6 28. Re7 Bc6 29. Bh3 f5 30. Bg2 Kf8 31. Rxh7 Kg8 32. Ra7 Bb5 33. Bxd5+
Kf8 34. Bc4 Bxc4 35. bxc4 Nc7 36. Ne5 1-0

[Event "Bolzano op"]
[Site "Bolzano"]
[Date "2000.07.19"]
[Round "6"]
[White "Timoscenko, Genadij"]
[Black "Baquero, Luis A"]
[Result "1/2-1/2"]
[WhiteElo "2519"]
[BlackElo "2303"]
[PlyCount "86"]
[EventDate "2000.07.15"]
[Source "ChessBase"]
[SourceDate "1999.11.18"]

1. d4 Nf6 2. c4 g6 3. Nc3 d5 4. cxd5 Nxd5 5. Bd2 Bg7 6. e4 Nb6 7. Be3 O-O 8.
Be2 Nc6 9. Nf3 f5 10. exf5 Bxf5 11. Qb3+ Kh8 12. d5 Ne5 13. Nd4 Qc8 14. O-O c6
15. dxc6 Nxc6 16. Ncb5 Nxd4 17. Bxd4 Bxd4 18. Nxd4 e5 19. Nb5 Qc2 20. Qxc2 Bxc2
21. Rac1 Be4 22. Rfd1 Bc6 23. Nd6 Rf6 24. Bb5 Rxd6 25. Rxd6 Bxb5 26. Re6 Re8
27. Rxe8+ Bxe8 28. Re1 Nd7 29. f4 Kg8 30. fxe5 Kf8 31. Rc1 Nxe5 32. Rc7 Bc6 33.
Rxh7 Nd3 34. g4 Nxb2 35. Kf2 Nd3+ 36. Kg3 Ne5 37. Rc7 g5 38. h4 gxh4+ 39. Kxh4
Nd7 40. g5 Kg7 41. Kh5 Bf3+ 42. Kh4 Bc6 43. Kh5 Bf3+ 1/2-1/2

[Event "Bolzano op"]
[Site "Bolzano"]
[Date "2000.07.20"]
[Round "7"]
[White "Baquero, Luis A"]
[Black "Rotstein, Arkadij"]
[Result "1/2-1/2"]
[WhiteElo "2303"]
[BlackElo "2441"]
[PlyCount "96"]
[EventDate "2000.07.15"]
[Source "ChessBase"]
[SourceDate "1999.11.18"]

1. c4 e5 2. Nc3 Nc6 3. g3 g6 4. Bg2 Bg7 5. Rb1 a5 6. a3 Nf6 7. b4 axb4 8. axb4
O-O 9. b5 Nd4 10. Nf3 d6 11. O-O Re8 12. d3 h6 13. e3 Nxf3+ 14. Bxf3 h5 15. Nd5
Nxd5 16. Bxd5 Bg4 17. Bf3 Qd7 18. Bxg4 hxg4 19. e4 Qe6 20. Bg5 f6 21. Be3 f5
22. f3 gxf3 23. Qxf3 Ra3 24. Bc1 Ra2 25. Rb2 Ra1 26. Rbf2 Rf8 27. Be3 Rxf1+ 28.
Rxf1 f4 29. gxf4 exf4 30. Bf2 g5 31. h3 Ra8 32. Kh1 Ra3 33. Rc1 Qe5 34. Rg1 Bf6
35. Kh2 Kf8 36. Rg2 Qc3 37. Qg4 Qxd3 38. Qc8+ Kg7 39. Qd7+ Kh6 40. h4 Qxe4 41.
hxg5+ Bxg5 42. Bh4 Rg3 43. Bxg3 fxg3+ 44. Rxg3 Qe2+ 45. Kh1 Qf1+ 46. Kh2 Qf2+
47. Kh1 Qf1+ 48. Kh2 Qf2+ 1/2-1/2

[Event "Bolzano op"]
[Site "Bolzano"]
[Date "2000.07.20"]
[Round "7"]
[White "De Eccher, Stefano"]
[Black "Timoscenko, Genadij"]
[Result "0-1"]
[WhiteElo "2256"]
[BlackElo "2519"]
[PlyCount "70"]
[EventDate "2000.07.15"]
[Source "ChessBase"]
[SourceDate "1999.11.18"]

1. c4 b6 2. Nc3 Bb7 3. e4 e6 4. d4 Bb4 5. Qc2 Qh4 6. d5 f5 7. Bd2 fxe4 8. O-O-O
Nf6 9. Be2 Bxc3 10. Qxc3 e3 11. Bxe3 Qe4 12. Bd3 Qg4 13. h3 Qh5 14. g4 Qf7 15.
g5 Nh5 16. Ne2 Na6 17. g6 hxg6 18. Rhg1 O-O-O 19. Bxg6 Qf8 20. Bxh5 Rxh5 21.
dxe6 dxe6 22. Rxd8+ Qxd8 23. Nf4 Rh7 24. Nxe6 Qe7 25. Nf4 Nb4 26. Qb3 Be4 27.
c5 Nc6 28. cxb6 axb6 29. Nd5 Qf8 30. Nc3 Bf5 31. Qb5 Nb4 32. Rd1 Kb7 33. a3 Nc6
34. Na4 Na7 35. Nc5+ Qxc5+ 0-1

[Event "Bolzano op"]
[Site "Bolzano"]
[Date "2000.07.20"]
[Round "7"]
[White "Epishin, Vladimir"]
[Black "Gyimesi, Zoltan"]
[Result "0-1"]
[WhiteElo "2667"]
[BlackElo "2518"]
[PlyCount "106"]
[EventDate "2000.07.15"]
[Source "ChessBase"]
[SourceDate "1999.11.18"]

1. d4 Nf6 2. c4 e6 3. Nf3 d5 4. e3 Be7 5. Bd3 dxc4 6. Bxc4 c5 7. O-O a6 8. dxc5
Qxd1 9. Rxd1 Bxc5 10. b3 Nbd7 11. Bb2 b5 12. Be2 Bb7 13. Nbd2 Ke7 14. a4 bxa4
15. bxa4 a5 16. Nc4 Rhc8 17. Nce5 Nxe5 18. Nxe5 Bd5 19. Rac1 Ne4 20. Bc4 Bxc4
21. Rxc4 Nd6 22. Rc2 f6 23. Rdc1 fxe5 24. Rxc5 Rxc5 25. Rxc5 Rb8 26. Bc1 Rb1
27. f3 Ra1 28. e4 Rxa4 29. Kf2 Kf6 30. h4 h6 31. Bd2 Rc4 32. Rxc4 Nxc4 33. Bc3
g5 34. hxg5+ hxg5 35. Ke2 a4 36. Kd3 Nd6 37. g3 Nb5 38. Ba1 Nd4 39. f4 Kf7 40.
Bb2 Nf3 41. fxe5 Kg6 42. Ke3 Nh2 43. Kf2 Kh5 44. Kg2 Ng4 45. Kf3 Nh6 46. Bc1
Nf7 47. Bb2 Nd8 48. Ba3 Nc6 49. Bb2 Na5 50. Bc3 Nc4 51. Ke2 Kg4 52. Kd3 Nb6 53.
Bd2 a3 0-1

[Event "Bolzano op"]
[Site "Bolzano"]
[Date "2000.07.20"]
[Round "7"]
[White "Godena, Michele"]
[Black "Schacher, Gerd"]
[Result "1-0"]
[WhiteElo "2487"]
[BlackElo "2245"]
[PlyCount "63"]
[EventDate "2000.07.15"]
[Source "ChessBase"]
[SourceDate "1999.11.18"]

1. e4 c5 2. Nf3 d6 3. Bc4 Nf6 4. d3 Nc6 5. c3 e6 6. Bb3 Be7 7. O-O O-O 8. Re1
b6 9. Nbd2 Ba6 10. Nf1 Rc8 11. Bf4 Nd7 12. Qe2 Nde5 13. Rad1 Nxf3+ 14. Qxf3 Bg5
15. Qg3 Bxf4 16. Qxf4 Ne5 17. Qg3 Qc7 18. Bc2 b5 19. Ne3 Bb7 20. f4 Nd7 21. Ng4
d5 22. exd5 Bxd5 23. d4 g6 24. h4 f5 25. Ne3 Nf6 26. Nxd5 exd5 27. Bxf5 Nh5 28.
Be6+ Kh8 29. Qg5 Rce8 30. Bxd5 Nxf4 31. Rxe8 Rxe8 32. Qf6+ 1-0

[Event "Bolzano op"]
[Site "Bolzano"]
[Date "2000.07.20"]
[Round "7"]
[White "Khenkin, Igor"]
[Black "Banikas, Hristos"]
[Result "1/2-1/2"]
[WhiteElo "2622"]
[BlackElo "2535"]
[PlyCount "46"]
[EventDate "2000.07.15"]
[Source "ChessBase"]
[SourceDate "1999.11.18"]

1. d4 Nf6 2. c4 g6 3. Nc3 Bg7 4. e4 d6 5. f3 O-O 6. Nge2 a6 7. Be3 Nbd7 8. Qd2
c5 9. dxc5 dxc5 10. Rd1 Qc7 11. Nf4 e6 12. Nd3 Ne8 13. Nf2 f5 14. exf5 gxf5 15.
f4 Ndf6 16. Be2 b6 17. Bf3 Ra7 18. O-O Bb7 19. Qe2 Bxf3 20. Qxf3 Nd6 21. Bc1
Nf7 22. Rfe1 Re8 23. Re2 Nd8 1/2-1/2

[Event "Bolzano op"]
[Site "Bolzano"]
[Date "2000.07.20"]
[Round "7"]
[White "Luban, Peter"]
[Black "Astengo, Marcello"]
[Result "1/2-1/2"]
[WhiteElo "2131"]
[BlackElo "2032"]
[PlyCount "25"]
[EventDate "2000.07.15"]
[Source "ChessBase"]
[SourceDate "1999.11.18"]

1. e4 e6 2. d4 d5 3. Bd3 Nf6 4. Bg5 dxe4 5. Bxe4 Be7 6. Bf3 c5 7. Ne2 Nc6 8. c3
cxd4 9. cxd4 Qb6 10. Qd2 O-O 11. O-O Rd8 12. Be3 Nd5 13. Nbc3 1/2-1/2